000 00404nam a2200145Ia 4500
008 090124s9999 xx 000 0 und d
082 _b205503
245 _aNEW CHALLENGES FACING INDIAN AGRICULTURE
250 _a1
260 _bRAO KRISHNA Y.V
_c2000
300 _a210
630 _aNEW CHALLENGES FACING INDIAN AGRICULTURE
730 _aNEW CHALLENGES FACING INDIAN AGRICULTURE
942 _cBOOK
999 _c187084
_d187084